Stati per numero di Medici pro capite - Statistics

Statistiche generali
  • Questo quiz è stato fatto 13 volte
  • Il punteggio medio è 6 su 10
Statistiche sulle risposte
Medici ogni 10 000 persone Continente Nazione % Corretto
43 Asia / Europa Russia
92%
64 America del Nord Cuba
69%
51 Europa San Marino
69%
40 Europa Svizzera
69%
71,7 Europa Monaco
62%
42 Europa Belgio
54%
45 Asia / Europa Georgia
46%
54 Europa Grecia
46%
49 Europa Bielorussia
38%
40 Europa Lituania
38%
Nessun quiz corrispondente trovato
Distribuzione punteggi
Percentuale di utenti per punteggio
Percentile per numero di risposta
I tuoi punteggi nel tempo
Non hai fatto questo quiz